|
|
|
|
| LEADER |
00000cam a2200000 i 4500 |
| 001 |
1/86544 |
| 008 |
050928s1994 gre d |
| 020 |
|
|
|a 960-326-015-0
|
| 035 |
|
|
|l 10080580
|
| 040 |
|
|
|a GR-MY-UA
|b gre
|e aacr
|
| 041 |
0 |
|
|a gre
|
| 082 |
0 |
|
|a 291.38
|
| 100 |
1 |
|
|a Χατζηφώτης, Ιωάννης Μ.
|d 1944-
|
| 245 |
1 |
2 |
|a Ο Ακάθιστος ύμνος :
|b εισαγωγή - μετάφραση - σημειώσεις /
|c Ι. Μ. Χατζηφώτη
|
| 260 |
|
|
|a Αθήνα :
|b Αλκυών,
|c 1994
|
| 300 |
|
|
|a 111 σ.;
|b εγχρ. εικ.;
|c 23 εκ.
|
| 500 |
|
|
|a Με 24 έγχρωμες τοιχογραφίες των χαιρετισμών από το παρεκκλήσιο Τριών Ιεραρχών, Μονής Βαρλάαμ Μετεώρων
|
| 504 |
|
|
|a Περιέχει βιβλιογραφικές παραπομπές, παράρτημα και σημειώσεις
|
| 650 |
0 |
0 |
|a Hymns, Greek.
|
| 650 |
0 |
0 |
|a Akathists
|x History.
|
| 852 |
|
|
|a INST
|b RHODES
|c KRI
|e 20050928
|h 291.38 ΧΑΤ
|p 005400022361
|q 005400022361
|t BK
|y 0
|
| 901 |
|
|
|a BIBL4-2005-3
|
| 909 |
|
|
|a Ρ
|b 122405
|
| 970 |
|
|
|a ΣΙΔΕΡΗ
|b ΝΕΚΤΑΡΙΑ
|z 2005/09/28
|